000 00253nam a22001217a 4500
008 171031b xxu||||| |||| 00| 0 eng d
041 _aeng
080 _a33
100 _a58
101 _aBUS
245 _aBUSINESS WRTING
_cFINLEY.F
942 _2udc
_cBK
999 _c36700
_d36700